000 00193 a2200097 4500
020 _a9788424187057
041 _aspa
100 _aJanine Amos
245 _aComo influye el Sobrepeso
942 _cBK
999 _c8853
_d8853